| 000 -LEADER |
| fixed length control field |
00809cam a2200229 a 4500 |
| 020 ## - INTERNATIONAL STANDARD BOOK NUMBER |
| ISBN |
0844280887 |
| 020 ## - INTERNATIONAL STANDARD BOOK NUMBER |
| ISBN |
0844280968 |
| 040 ## - CATALOGING SOURCE |
| Transcribing agency |
DLC |
| 082 00 - DEWEY DECIMAL CLASSIFICATION NUMBER |
| Classification number |
810 NAT 2000 A096 Or. |
| 245 00 - TITLE STATEMENT |
| Title |
Sports in literature : |
| Remainder of title |
experiencing the thrill of competition through stories, poems, and nonfiction / |
| 250 ## - EDITION STATEMENT |
| Edition statement |
2nd ed. |
| 260 ## - PUBLICATION, DISTRIBUTION, ETC. (IMPRINT) |
| Place of publication |
Lincolnwood, IL : |
| Name of publisher |
National Textbook Co., |
| Year of publication |
2000. |
| 300 ## - PHYSICAL DESCRIPTION |
| Number of Pages |
xi, 354 p. ; |
| Dimensions |
24 cm. |
| 500 ## - GENERAL NOTE |
| General note |
Includes index. |
| 520 ## - SUMMARY, ETC. |
| Summary, etc |
A collection of short stories, poems, essays, and non-fiction articles about various types of sports. |
| 650 #0 - SUBJECT ADDED ENTRY--TOPICAL TERM |
| Topical Term |
Sports |
| 650 #1 - SUBJECT ADDED ENTRY--TOPICAL TERM |
| Topical Term |
Sports |
| 700 1# - ADDED ENTRY--PERSONAL NAME |
| Personal name |
Emra, Bruce. |
| 856 42 - ELECTRONIC LOCATION AND ACCESS |
| Uniform Resource Identifier |
http://www.loc.gov/catdir/description/mh051/99023498.html |
| 856 42 - ELECTRONIC LOCATION AND ACCESS |
| Uniform Resource Identifier |
http://www.loc.gov/catdir/enhancements/fy0737/99023498-b.html |
| 942 ## - ADDED ENTRY ELEMENTS (KOHA) |
| Koha item type |
សៀវភៅភាសាអង់គ្លេស |
| 952 ## - LOCATION AND ITEM INFORMATION (KOHA) |
| Withdrawn status [LOCAL, KOHA] |
0 |